Food Microbiology Laboratory for the Food Science Student: (Record no. 52471)

MARC details
000 -LEADER
fixed length control field 00707nam a22002177a 4500
003 - CONTROL NUMBER IDENTIFIER
control field OSt
008 - FIXED-LENGTH DATA ELEMENTS--GENERAL INFORMATION
fixed length control field 260629b |||||||| |||| 00| 0 eng d
020 ## - INTERNATIONAL STANDARD BOOK NUMBER
International Standard Book Number 978-3031261961
082 ## - DEWEY DECIMAL CLASSIFICATION NUMBER
Classification number 664.001579
Item number S54F
100 ## - MAIN ENTRY--PERSONAL NAME
Personal name Shen, Cangliang
245 ## - TITLE STATEMENT
Title Food Microbiology Laboratory for the Food Science Student:
Remainder of title A Practical Approach
Statement of responsibility, etc. Shen, Cangliang
250 ## - EDITION STATEMENT
Edition statement 2nd edition
260 ## - PUBLICATION, DISTRIBUTION, ETC. (IMPRINT)
Place of publication, distribution, etc Switzerland AG
Name of publisher, distributor, etc Springer Nature
Date of publication, distribution, etc 2023
300 ## - PHYSICAL DESCRIPTION
Extent xvii., 160p.
365 ## - TRADE PRICE
Price note 7815.00, INR
650 ## - SUBJECT ADDED ENTRY--TOPICAL TERM
Topical term or geographic name as entry element Food $x Microbiology.
650 ## - SUBJECT ADDED ENTRY--TOPICAL TERM
Topical term or geographic name as entry element Food $x Microbiology $v Laboratory manuals.
650 ## - SUBJECT ADDED ENTRY--TOPICAL TERM
Topical term or geographic name as entry element Food safety $v Laboratory manuals.
650 ## - SUBJECT ADDED ENTRY--TOPICAL TERM
Topical term or geographic name as entry element Food microbiology $v Laboratory manuals.
942 ## - ADDED ENTRY ELEMENTS (KOHA)
Source of classification or shelving scheme
Koha item type Books
Holdings
Withdrawn status Lost status Source of classification or shelving scheme Damaged status Not for loan Home library Current library Shelving location Date acquired Source of acquisition Currency Cost, normal purchase price Total Checkouts Full call number Barcode Date last seen Bill Date Koha item type Bill Number
          Dr. Rajendra Prasad Central Agricultural University Pusa, Dr. Rajendra Prasad Central Agricultural University Pusa, General Stacks 29/06/2026 TTPP, New Delhi INR 7815.00   664.001579 S54F 87747 29/06/2026 29/01/2026 Books IN-00449
Hosted, Implemented, Customized & Maintained by: BestBookBuddies

Powered by Koha